000 01158nam a2200301 i 4500
003 EG-GICUC
005 20260121101207.0
008 251111s1956 ua ||||f |||| 00| 0 ara d
040 _a EG-GICUC
_bara
_c EG-GICUC
_d EG-GICUC
_erda
041 _aara
082 0 4 _221
_a345
_bم ح . د
092 0 4 _221
099 _aLaw1 07 345 م ح . د 1956
100 1 _aمحمد فؤاد مهنا
_eمؤلف.
245 _aدروس في القانون الإداري :
_bالسلطة الإدارية /
_cدكتور محمد فؤاد مهنا
264 _aالإسكندرية :
_bالدار المصرية للطباعة ,
_c1956.
300 _a375 صفحة
_c24 سم
336 _2rda content
_atext
337 _2rda media
_aComputer
338 _2rda carrier
_aOnline Resource
500 _aيشتمل علي ارجاعات ببليوجرافية
546 _aالنص أغلبه باللغة العربية بعض النصوص الإنجليزية والفرنسية
650 1 _aالقانون الإداري
_2qrmak
651 1 _2qrmak
856 4 0 _uhttps://fll.law.cu.edu.eg/fulltext/bks/B07-00836.pdf
905 _a74
942 _2ddc
_n0
_cBK
_e21
999 _c42405
_d42405